000
00280nam a22001217a 4500
999
_c
13813
_d
13813
020
_a
9789692102940
082
_a
001.42
100
_a
DR. M.M.A FEEROZE
245
_a
OPERATIONS RESEARCH
260
_a
Karachi
_b
PARAMOUNT BOOKS (PVT) LTD
_c
2021
300
_a
274 pages
942
_c
BK